| 000 | 00918cab a2200241 4500 | ||
|---|---|---|---|
| 001 | WB3131-21 | ||
| 008 | 090401t1995 xxu||||| |||| 00| 0 eng d | ||
| 035 | _a(Sirsi) u51621 | ||
| 041 | _aeng | ||
| 245 | _aMEPC sets sights on nursing homes | ||
| 260 | _c1995 | ||
| 350 | _a0 | ||
| 490 |
_aEvening Standard _v10 August 1995, 33(1) |
||
| 520 | _aMEPC is approaching nursing home groups in a bid to buy the freeholds of some of their buildings. If successful, it would be the first time a top stock-market quoted property group has diversified beyond the traditional areas of office,retail and industrial space. | ||
| 650 | _aCARE HOMES | ||
| 650 | _aCOMMERCIAL PROPERTY COMPANIES | ||
| 650 | _aNURSING HOME PROPERTIES | ||
| 650 | _aNURSING HOMES | ||
| 650 | _aSALE AND LEASEBACK | ||
| 690 | _aPROPERTY-COMMERCIAL PROPERTY-COMMERCIAL PROPERTY FINANCE AND INVESTMENT | ||
| 942 | _n0 | ||
| 948 | _c04/03/1997 | ||
| 999 |
_c32039 _d32039 |
||